Geography Quiz

Random Geography or City Quiz
Score 0/45 Timer 10:00
0 Plays Today
Country Capital City % Correct
UKLondon
94.3%
AustriaVienna
91.4%
DenmarkCopenhagen
91.4%
FranceParis
91.4%
GermanyBerlin
91.4%
GreeceAthens
91.4%
IrelandDublin
91.4%
Italy Rome
91.4%
NetherlandsAmsterdam
91.4%
PolandWarsaw
91.4%
Spain Madrid
91.4%
Vatican CityVatican City
91.4%
BelgiumBrussels
88.6%
BulgariaSofia
88.6%
HungaryBudapest
88.6%
MonacoMonaco
88.6%
NorwayOslo
88.6%
San MarinoSan Marino
88.6%
CroatiaZagreb
85.7%
CzechiaPrague
85.7%
FinlandHelsinki
85.7%
PortugalLisbon
85.7%
SwitzerlandBern
85.7%
Country Capital City % Correct
CyprusNicosia
82.9%
IcelandReykjavik
82.9%
LuxembourgLuxembourg
82.9%
RomaniaBucharest
82.9%
SwedenStockholm
82.9%
AndorraAndorra La Vella
80%
BelarusMinsk
77.1%
LiechtensteinVaduz
77.1%
UkraineKyiv
77.1%
Bosnia and HerzegovinaSarajevo
74.3%
LatviaRiga
74.3%
AlbaniaTirana
71.4%
EstoniaTallinn
71.4%
LithuaniaVilnius
71.4%
MaltaValletta
71.4%
KosovoPristina
71.4%
SerbiaBelgrade
68.6%
SlovakiaBratislava
68.6%
MacedoniaSkopje
65.7%
MontenegroPodgorica
65.7%
SloveniaLjubljana
62.9%
MoldovaChisinau
57.1%
Remove Ads.
Support Sporcle.
Get the best of Sporcle when you Go Orange. This ad-free experience offers more features, more stats, and more fun while also helping to support Sporcle. Thank you for becoming a member.

You're not logged in!

Compare scores with friends on all Sporcle quizzes.
OR
Log In

Show Comments

Extras

Top Quizzes Today


Score Distribution

Your Account Isn't Verified!

In order to create a playlist on Sporcle, you need to verify the email address you used during registration. Go to your Sporcle Settings to finish the process.

Report this User

Report this user for behavior that violates our Community Guidelines.

Details: